00796nam a2200241 a 450000100060000000300080000600500170001400800410003103500190007204000270009104100110011808200220012910000270015124501150017826000400029330000290033350000190036250000550038165000160043670000440045270000390049670000190053569226BD-RjUL20211209081848.0170410s1965 ru a 001 0 eng  a(BD-RjUL)69437 aDLCcDLCdBD-RjULbeng1 aengrus00a669223bSEG 19651 aSevri︠u︡kov, N. N.10aGeneral metallurgy /cN. Sevryukev, B. Kuzmin and Y. Chelishchev. Translated from the Russian by B. Kuznetsov. aMoscow :bPeace Publishers,cc1965. a545 p. :bill. ;c22 cm. aIncludes index aTranslation of Obshchai︠a︡ metallurgii︠a︡. 0aMetallurgy.1 aKuzʹmin, B. A.q(Boris Aleksandrovich)1 aChelishchev, E. V.,ejoint author.1 aKuznetsov, B.